000 00479nam a22001577a 4500
005 20251108164907.0
008 250721s1988 xx 000 0 ara d
082 1 4 _a646.2/محم
100 1 _aرفعت، محمد
245 1 0 _aكيف تصنعين ثيابك و ثياب زوجك و ثياب أولادك /
264 1 _aبيروت :
_bدار و مكتبة الهلال،
_c1988.
300 _a208ص : إيض
650 1 7 _aالخياطة
942 _2ddc
_cBK
999 _c16855
_d16855